MDQL
is popping MORE tags! Check the
thread
!
Quizzes
Events
Quiz Creation
Community
Videos
Private Events
Remove Ads
Sign In
Join for FREE
Feedback
Dark Mode
Quiz Categories
Sports
Geography
Music
Movies
Television
Just For Fun
Miscellaneous
History
Literature
Language
Science
Gaming
Entertainment
Religion
Holiday
For Kids
Quiz Lab
Recent
Popular Today
Quiz Kudos Today
Editor Picks
Curator Picks
Quizzes by...
Day
Popularity
Type
Ratings
Length
Year
Community
Subscriptions
Recent Discussions
Orange Saloon
Badges
Playlists
Quests
Create
Leaderboards
Showdown
Live 5
Trivia Bingo
Activity
Puzzle Library
Sporcle Events
Private Events
Virtual Trivia
Globe League
Become a Host
Pub Owners
SporcleCon
Opinionation
Our Games
Videos
Blog
Mobile Apps
Partnerships
Remove Ads and Go Orange
Feedback
History
US Presidents
World Leaders
Politics
Nation
Discovery
War
Decade
Year
Century
Biography
Art
History
US Presidents
World Leaders
Politics
Nation
Discovery
War
Decade
Year
Century
Biography
Art
Random Quiz
Search Sporcle
×
Quiz Lab
Quiz Lab
History
State
Type in answers that appear in a list
Type in answers that appear in a list
Classic
Best Score? Go Orange.
U.S. Senators Stats
Can you name the Senators?
By
BobDylan619
10m
100 Questions
72 Plays
72 Plays
72 Plays
Comments
Comments
Give Quiz Kudos
Give Quiz Kudos
-
- Ratings
hide this ad
Replay
Link that replays current quiz
Next Quiz
Link to next quiz in quiz playlist
You Got
0%
They Got
Avg Score
47%
Avg Friend Score
Upgrade to see
Score Distribution
Jump to the score distribution portion of the page
Score
0/100
Timer
10:00
0
Plays Today
States
Senator
% Correct
Arizona
John McCain
83.3%
California
Barbara Boxer
81.9%
Massachusetts
Scott Brown
79.2%
Ohio
Sherrod Brown
79.2%
Connecticut
Chris Dodd
76.4%
Nevada
Harry Reid
75%
California
Dianne Feinstein
73.6%
Connecticut
Joe Lieberman
73.6%
Maine
Olympia Snowe
70.8%
Massachusetts
John Kerry
69.4%
Minnesota
Al Franken
68.1%
New York
Chuck Schumer
68.1%
Arkansas
Blanche Lincoln
66.7%
Pennsylvania
Arlen Specter
65.3%
Maine
Susan Collins
63.9%
West Virginia
Robert Byrd
62.5%
West Virginia
Jay Rockefeller
62.5%
Utah
Orrin Hatch
59.7%
Virginia
Mark Warner
59.7%
Arizona
Jon Kyl
58.3%
Hawaii
Daniel Inouye
58.3%
Kentucky
Mitch McConnell
58.3%
Wisconsin
Russ Feingold
58.3%
Indiana
Evan Bayh
56.9%
Texas
Kay Bailey Hutchison
56.9%
Illinois
Roland Burris
55.6%
Alaska
Lisa Murkowski
54.2%
Florida
Bill Nelson
54.2%
Nebraska
Ben Nelson
54.2%
New Jersey
Bob Menendez
54.2%
New York
Kirsten Gillibrand
54.2%
Georgia
Saxby Chambliss
52.8%
Illinois
Dick Durbin
52.8%
North Carolina
Richard Burr
52.8%
States
Senator
% Correct
South Carolina
Lindsey Graham
52.8%
Vermont
Bernie Sanders
52.8%
Hawaii
Daniel Akaka
51.4%
Louisiana
Mary Landrieu
51.4%
South Dakota
Tim Johnson
51.4%
Virginia
Jim Webb
51.4%
Alabama
Jeff Sessions
50%
Colorado
Michael Bennet
50%
Kansas
Sam Brownback
50%
Kentucky
Jim Bunning
48.6%
Michigan
Carl Levin
48.6%
Texas
John Cornyn
48.6%
Vermont
Patrick Leahy
48.6%
Alabama
Richard Shelby
47.2%
Iowa
Chuck Grassley
47.2%
New Jersey
Frank Lautenberg
47.2%
Colorado
Mark Udall
45.8%
Indiana
Richard Lugar
45.8%
Maryland
Barbara Mikulski
45.8%
New Mexico
Tom Udall
45.8%
Rhode Island
Sheldon Whitehouse
45.8%
Tennessee
Bob Corker
45.8%
Iowa
Tom Harkin
44.4%
Missouri
Claire McCaskill
44.4%
South Dakota
John Thune
44.4%
Alaska
Mark Begich
43.1%
Minnesota
Amy Klobuchar
43.1%
New Hampshire
Jeanne Shaheen
43.1%
Oklahoma
Tom Coburn
43.1%
Tennessee
Lamar Alexander
43.1%
Wisconsin
Herb Kohl
43.1%
Louisiana
David Vitter
41.7%
Pennsylvania
Bob Casey
41.7%
Utah
Bob Bennett
41.7%
States
Senator
% Correct
Nevada
John Ensign
40.3%
Oklahoma
Jim Inhofe
40.3%
South Carolina
Jim DeMint
40.3%
New Hampshire
Judd Gregg
38.9%
North Carolina
Kay Hagan
38.9%
Ohio
George Voinovich
38.9%
Rhode Island
Jack Reed
38.9%
Idaho
Mike Crapo
37.5%
Missouri
Kit Bond
37.5%
Montana
Max Baucus
37.5%
Montana
Jon Tester
37.5%
Maryland
Ben Cardin
36.1%
North Dakota
Byron Dorgan
36.1%
Washington
Patty Murray
36.1%
Delaware
Ted Kaufman
34.7%
Michigan
Debbie Stabenow
34.7%
Mississippi
Thad Cochran
34.7%
Washington
Maria Cantwell
34.7%
North Dakota
Kent Conrad
33.3%
Georgia
Johnny Isakson
31.9%
Delaware
Tom Carper
30.6%
Oregon
Ron Wyden
30.6%
Mississippi
Roger Wicker
29.2%
Kansas
Pat Roberts
27.8%
Florida
George LeMieux
25%
Oregon
Jeff Merkley
25%
Wyoming
Mike Enzi
25%
New Mexico
Jeff Bingaman
23.6%
Wyoming
John Barrasso
23.6%
Nebraska
Mike Johanns
20.8%
Arkansas
Mark Pryor
18.1%
Idaho
Jim Risch
13.9%
Quiz Playlist
Details
Report
Send in Message
Add To Playlist
Classic:
Type in answers that appear in a list
Last Updated: Feb 16, 2017
Quiz Scoreboard
CHALLENGE
Sign Up to Join the Scoreboard
Show All
Scores
Hide
Comments
May contain spoilers
Recently Published
Colored Red Africa Blitz
by spor1
Geography
30s
Find the 'City' Movie
by crazypaving
Movies
60s
5x2 Blitz: Bands
by SL_Kpop136
Music
30s
More to Explore
Quiz From the Vault
Featured Blog Post
14 Easter Pick-up Lines to Find Eggs With
hide this ad
You Might Also Like...
Tags
State Quiz
senator
Today's Top Quizzes in History
Browse History
hide this ad
Today's Top Quizzes in State
Browse State
Top Contributed Quizzes in History
1
Popular People in 1991
2
US National Parks Named After People
3
Popular People in 1951
4
Popular People in 1941
5
Order Up: 1000 Years of World Events I
6
I Am Born On March 29th
7
Popular People in 1921
8
Popular People in 1981
9
Popular People in 1986
10
Popular People in 1976
Explore More
Trending Topics
Anime
Marvel
Disney
Kpop
Crossword
Harry Potter
NBA
WWE
Pokémon
Puzzle
NFL
The Office
Country
Song
Soccer
hide this ad
More By:
BobDylan619
Quiz
Plays
Rating
Category
Featured
Created
U.S. Senators
72
1.00
History
Apr 20, 2010
Go to Creator's Profile
Score Distribution
Quiz Creator Spotlight
BobDylan619
Follow
Send a Message
Quizzes Created
-
Created Quiz Play Count
-
More By This Creator
Popular Quizzes Today
1
Colored Red Africa Blitz
2
Find the 'City' Movie
3
5x2 Blitz: Bands
4
Find the US States - No Outlines Minefield
5
The Countries of the World
6
Find the US States
7
US States
8
Find the Countries of Europe - No Outlines Minefield
More History Quizzes
Biographical Museum by 3 Exhibits
Published
Trending Quizzes
Colored Red Europe Blitz I
Colored Red Europe Blitz II
Colored Red Africa Blitz II
Colored Red Europe Blitz III
Colored Red Africa Blitz III
Recently Updated
How Do You Spell That?
pecheneg
Godzilla Movies
pecheneg
Grab Bag: 4-10 Letters
pecheneg
2024 March Madness Bracket
pecheneg
Famous TV Couples
Peacemaker
Champions League XIs: Real Madrid
pecheneg
Largest US Cities 1790-2010
pecheneg
Rides in Walt Disney World
pecheneg
Most Oscar Losses (Acting)
pecheneg
Beyoncé Albums
pecheneg
Trending Topics
Disney
Marvel
Harry Potter
Crossword
NBA
Anime
Kpop
Song
Soccer
Country
Puzzle
NFL
WWE
Pokémon
The Office
Your Account Isn't Verified!
In order to create a playlist on Sporcle, you need to verify the email address you used during registration. Go to your
Sporcle Settings
to finish the process.
Report this User
Report this user for behavior that violates our
Community Guidelines
.
Details:
Send Report
Go to the Sporcle.com Mobile Site →
Comments